<?xml version="1.0" encoding="UTF-8"?>
<record
    xmlns:xsi="http://www.w3.org/2001/XMLSchema-instance"
    xsi:schemaLocation="http://www.loc.gov/MARC21/slim http://www.loc.gov/standards/marcxml/schema/MARC21slim.xsd"
    xmlns="http://www.loc.gov/MARC21/slim">

  <leader>00520nam a22001691a 4500</leader>
  <controlfield tag="003">NEGST</controlfield>
  <controlfield tag="005">20110718130700.0</controlfield>
  <controlfield tag="008">040608s1964    pau           001 0 eng d</controlfield>
  <datafield tag="100" ind1="1" ind2=" ">
    <subfield code="a">Oden, Thomas C.</subfield>
  </datafield>
  <datafield tag="245" ind1="1" ind2="0">
    <subfield code="a">Radical obedience :</subfield>
    <subfield code="b">the ethics of Rudolf Bultmann /</subfield>
    <subfield code="c">Thomas C. Oden</subfield>
    <subfield code="h">[Text]</subfield>
  </datafield>
  <datafield tag="260" ind1=" " ind2=" ">
    <subfield code="a">Philadelphia</subfield>
    <subfield code="b">Westminster Press</subfield>
    <subfield code="c">1964</subfield>
  </datafield>
  <datafield tag="300" ind1=" " ind2=" ">
    <subfield code="a">176 p.</subfield>
  </datafield>
  <datafield tag="500" ind1=" " ind2=" ">
    <subfield code="a">Includes bibliographical references and index.</subfield>
  </datafield>
  <datafield tag="590" ind1=" " ind2=" ">
    <subfield code="a">Accession number: 31167</subfield>
  </datafield>
  <datafield tag="650" ind1=" " ind2="0">
    <subfield code="a">Christian ethics.</subfield>
  </datafield>
  <datafield tag="999" ind1=" " ind2=" ">
    <subfield code="c">30336</subfield>
    <subfield code="d">30336</subfield>
  </datafield>
  <datafield tag="952" ind1=" " ind2=" ">
    <subfield code="0">0</subfield>
    <subfield code="1">0</subfield>
    <subfield code="2">lcc</subfield>
    <subfield code="4">0</subfield>
    <subfield code="7">0</subfield>
    <subfield code="8">GEN</subfield>
    <subfield code="a">CPL</subfield>
    <subfield code="b">CPL</subfield>
    <subfield code="c">GEN</subfield>
    <subfield code="d">2009-09-28</subfield>
    <subfield code="e">Donation</subfield>
    <subfield code="g">20.00</subfield>
    <subfield code="l">0</subfield>
    <subfield code="o">BX 482.B78O3 1952</subfield>
    <subfield code="p">R09461Y3232</subfield>
    <subfield code="r">2019-09-26 00:00:00</subfield>
    <subfield code="t">1</subfield>
    <subfield code="w">2009-09-28</subfield>
    <subfield code="y">BK</subfield>
  </datafield>
</record>
